Central Library OPAC University of Rajshahi

Veterinary microbiology / (Record no. 67230)

MARC details
000 -LEADER
fixed length control field 00795nam a2200265 a 4500
001 - CONTROL NUMBER
control field 67230
003 - CONTROL NUMBER IDENTIFIER
rucl marc code BD-RjUL
005 - DATE AND TIME OF LATEST TRANSACTION
control field 20211209081629.0
008 - FIXED-LENGTH DATA ELEMENTS--GENERAL INFORMATION
fixed length control field 170323s2004 at a 001 0 eng d
020 ## - INTERNATIONAL STANDARD BOOK NUMBER
International Standard Book Number 0813803799 :
035 ## - SYSTEM CONTROL NUMBER
System control number (BD-RjUL)67361
040 ## - CATALOGING SOURCE
Original cataloging agency DLC
Language of cataloging eng
Description conventions rda
Transcribing agency DLC
Modifying agency BD-RjUL
041 ## - LANGUAGE CODE
Language code of text/sound track or separate title eng
082 ## - DEWEY DECIMAL CLASSIFICATION NUMBER
Edition number 23
Classification number 636.089
Author mark and year HIV 2004
100 ## - MAIN ENTRY--PERSONAL NAME
Personal name Hirsh, Dwight C.
9 (RLIN) 199186
245 00 - TITLE STATEMENT
Title Veterinary microbiology /
Statement of responsibility, etc. Dwight C Hirsh; Nigel James MacLachlan; Richard L Walker
250 ## - EDITION STATEMENT
Edition statement 2nd ed.
260 ## - PUBLICATION, DISTRIBUTION, ETC. (IMPRINT)
Place of publication, distribution, etc. Australi :
Name of publisher, distributor, etc. Blackwell Publishing,
Date of publication, distribution, etc. 2004.
300 ## - PHYSICAL DESCRIPTION
Pagination xi, 536 p. :
Illustrations ill. ;
Size 28 cm.
500 ## - GENERAL NOTE
General note Include Index.
650 ## - SUBJECT ADDED ENTRY--TOPICAL TERM
Topical term or geographic name as entry element Veterinary medicine
9 (RLIN) 199187
700 ## - ADDED ENTRY--PERSONAL NAME
Personal name MacLachlan, Nigel James
Personal name Walker, Richard L.
942 ## - ADDED ENTRY ELEMENTS (KOHA)
Source of classification or shelving scheme Dewey Decimal Classification
Koha item type Books
Holdings
Lost status Source of classification or shelving scheme Damaged status Not for loan Collection code Permanent Location Current Location Shelving location Date acquired Source of acquisition Cost, normal purchase price Total Checkouts Full call number Date last seen Copy number Koha item type
  Dewey Decimal Classification   Not For Loan Non-fiction Central Library, University of Rajshahi Central Library, University of Rajshahi Reading Room 09/12/2021 Mulhick & Brothers, Dhaka 6975.00   636.089 HIV 2004 23/03/2017 C-1 Books